<?xml version="1.0" encoding="UTF-8"?>
<record
    xmlns:xsi="http://www.w3.org/2001/XMLSchema-instance"
    xsi:schemaLocation="http://www.loc.gov/MARC21/slim http://www.loc.gov/standards/marcxml/schema/MARC21slim.xsd"
    xmlns="http://www.loc.gov/MARC21/slim">

  <leader>00407nam a22001457a 4500</leader>
  <controlfield tag="005">20151201094305.0</controlfield>
  <controlfield tag="008">151201b        xxu||||| |||| 00| 0 eng d</controlfield>
  <datafield tag="040" ind1=" " ind2=" ">
    <subfield code="c">PK-LaUMT</subfield>
  </datafield>
  <datafield tag="082" ind1=" " ind2=" ">
    <subfield code="a">MSC 509.2</subfield>
    <subfield code="b">HAM-N</subfield>
  </datafield>
  <datafield tag="100" ind1=" " ind2=" ">
    <subfield code="a">&#x62D;&#x645;&#x6CC;&#x62F; &#x639;&#x633;&#x6A9;&#x631;&#x6CC;</subfield>
  </datafield>
  <datafield tag="245" ind1=" " ind2=" ">
    <subfield code="a">&#x646;&#x627;&#x645; &#x648;&#x631;&#x645;&#x633;&#x644;&#x645; &#x633;&#x627;&#x626;&#x646;&#x633; &#x62F;&#x627;&#x646;</subfield>
    <subfield code="c">&#x62D;&#x645;&#x6CC;&#x62F; &#x639;&#x633;&#x6A9;&#x631;&#x6CC;</subfield>
  </datafield>
  <datafield tag="260" ind1=" " ind2=" ">
    <subfield code="a">&#x644;&#x627;&#x6C1;&#x648;&#x631;</subfield>
    <subfield code="b">&#x645;&#x62C;&#x644;&#x633; &#x62A;&#x631;&#x642;&#x6CC; &#x627;&#x62F;&#x628;</subfield>
    <subfield code="c">2008</subfield>
  </datafield>
  <datafield tag="300" ind1=" " ind2=" ">
    <subfield code="a">338 &#x635;</subfield>
  </datafield>
  <datafield tag="942" ind1=" " ind2=" ">
    <subfield code="c">BK</subfield>
  </datafield>
  <datafield tag="999" ind1=" " ind2=" ">
    <subfield code="c">79294</subfield>
    <subfield code="d">79294</subfield>
  </datafield>
  <datafield tag="952" ind1=" " ind2=" ">
    <subfield code="0">0</subfield>
    <subfield code="1">0</subfield>
    <subfield code="4">0</subfield>
    <subfield code="7">0</subfield>
    <subfield code="a">01</subfield>
    <subfield code="b">01</subfield>
    <subfield code="d">2015-12-01</subfield>
    <subfield code="l">6</subfield>
    <subfield code="m">1</subfield>
    <subfield code="o">MSC 509.2 HAM-N</subfield>
    <subfield code="p">95196</subfield>
    <subfield code="r">2021-02-04 00:00:00</subfield>
    <subfield code="s">2021-02-04</subfield>
    <subfield code="w">2015-12-01</subfield>
    <subfield code="y">BK</subfield>
  </datafield>
</record>
